000 02711nab a2200253 i 4500
003 BR-BrBNA
005 20241112105450.0
008 241112b2009 bl.qr|pooa||| 00| 0 por |
040 _aBR-BrBNA
_bpor
072 _aF70
100 _aCrespo, Sônia Regina de Melo
100 _aMarcondes-Ferreira, Washington
245 _aRevisão taxonômica do gênero Curtia (Gentianaceae)
500 _aPublicação on-line; 27 ref.; 12 illus.; Summaries (En, Pt)
520 _a RESUMO (Revisão taxonômica do gênero Curtia (Gentianaceae)) A presente revisão do gênero Curtia (Gentianaceae) a qual inclui chave de identificação, descrições, ilustrações e sinônimos, reconheceu oito espécies: C. ayangannae, C. conferta, C. diffusa, C. obtusifolia, C. quadrifolia, C. tenella, C. tenuifolia e C. verticillaris. Curtia é um gênero neotropical, tendo o Brasil como seu centro de diversidade. Curtia tenella e C. tenuifolia têm ampla distribuição geográfica, ocorrendo nas Américas Central e do Sul, C. obtusifolia e C. quadrifolia concentram-se na região amazônica e C. ayangannae está restrita à Guiana. As demais espécies ocorrem no Brasil, distribuídas desde a Região Nordeste até a Região Sul. A distilia foi confirmada em C. obtusifolia e a tristilia em C. tenuifolia. Palavras-chave: heterostilia, morfologia, neotrópico, taxonomia.
520 _a ABSTRACT (Taxonomic revision of the genus Curtia (Gentianaceae)) The current revision of the genus Curtia (Gentianaceae), which includes a key for identification, descriptions, illustrations and synonyms, recognized eight species: C. ayangannae, C. conferta, C. diffusa, C. obtusifolia, C. quadrifolia, C. tenella, C. tenuifolia, and C. verticillaris. The genus is Neotropical with its diversity center in Brazil. Curtia tenuifolia and C. tenella have wide geographic distribution, occurring in Central and South America, C. obtusifolia and C. quadrifolia are concentrated in the Amazonian region, and C. Ayangannae is restricted to Guyana. The other species occur in Brazil, from the Northeast to the South Region. Curtia obtusifolia has been confirmed as a distylous species and C. tenuifolia as a tristylous species. Key words: heterostily, morphology, neotropics, taxonomy.
650 _aMORFOLOGIA VEGETAL
650 _aTAXONOMIA
650 _aGENTIANACEAE
773 0 _0709
_9346144
_dRio de Janeiro-RJ Jardim Botanico do Rio de Janeiro 1935
_o2024-6791
_tRodriguésia (Brazil)
_x0370-6583; 2175-7860 on-line
_gv. 60(2) p. 423-444; (2009)
_wBR2024003538
856 _uhttps://www.scielo.br/j/rod/a/LxD4rGgnVPpwSsNpRsnkKZP/?format=pdf&lang=pt
942 _cANA
999 _c328580
_d328580